<?xml version="1.0" encoding="UTF-8"?>
<record
    xmlns:xsi="http://www.w3.org/2001/XMLSchema-instance"
    xsi:schemaLocation="http://www.loc.gov/MARC21/slim http://www.loc.gov/standards/marcxml/schema/MARC21slim.xsd"
    xmlns="http://www.loc.gov/MARC21/slim">

  <leader>00267nam a2200121   4500</leader>
  <controlfield tag="005">20251115132758.0</controlfield>
  <datafield tag="082" ind1=" " ind2=" ">
    <subfield code="a">512 </subfield>
    <subfield code="b">FER</subfield>
  </datafield>
  <datafield tag="100" ind1=" " ind2=" ">
    <subfield code="a">Fernando, K.A.S.N.</subfield>
    <subfield code="9">811</subfield>
  </datafield>
  <datafield tag="245" ind1=" " ind2=" ">
    <subfield code="a">Algebra: unit I part I/</subfield>
  </datafield>
  <datafield tag="260" ind1=" " ind2=" ">
    <subfield code="b">OUSL,</subfield>
    <subfield code="c">2024.</subfield>
    <subfield code="a">Nawala,</subfield>
  </datafield>
  <datafield tag="300" ind1=" " ind2=" ">
    <subfield code="a">134p.</subfield>
  </datafield>
  <datafield tag="942" ind1=" " ind2=" ">
    <subfield code="c">BK</subfield>
  </datafield>
  <datafield tag="999" ind1=" " ind2=" ">
    <subfield code="c">5157</subfield>
    <subfield code="d">5157</subfield>
  </datafield>
  <datafield tag="952" ind1=" " ind2=" ">
    <subfield code="0">0</subfield>
    <subfield code="1">0</subfield>
    <subfield code="7">0</subfield>
    <subfield code="a">MLCampus</subfield>
    <subfield code="b">MLCampus</subfield>
    <subfield code="c">GEN</subfield>
    <subfield code="d">2025-11-11</subfield>
    <subfield code="e">purchased</subfield>
    <subfield code="g">730.00</subfield>
    <subfield code="l">0</subfield>
    <subfield code="o">512 FER</subfield>
    <subfield code="p">007700</subfield>
    <subfield code="r">2025-11-15 13:21:02</subfield>
    <subfield code="w">2025-11-15</subfield>
    <subfield code="y">BK</subfield>
  </datafield>
</record>
